skbl

Dr Suryya Kumar Bhuyan Library Web-OPAC
ডঃ সূৰ্য্য
কুমাৰ ভূঞা পুথিভঁৰাল ৱেব-অ'পেক

All Research Scholars are advised to clear the annual library fees to continue using Library Resources, Remote Access, Plagiarism Test and Library Clearance.

Cotton University Book Fair 2026

Arabic For Beginners (Record no. 59417)

MARC details
000 -LEADER
fixed length control field 00453nam a2200169Ia 4500
001 - CONTROL NUMBER
control field 59540
008 - FIXED-LENGTH DATA ELEMENTS--GENERAL INFORMATION
fixed length control field 160223n ii |||gr||||Z||||||465
082 ## - DEWEY DECIMAL CLASSIFICATION NUMBER
Classification number 892.7
100 ## - MAIN ENTRY--PERSONAL NAME
Personal name Ali,
Relator term Sayed.
245 #0 - TITLE STATEMENT
Title Arabic For Beginners
Statement of responsibility, etc. Sayed Ali
Medium Textual Documents
250 ## - EDITION STATEMENT
Edition statement Ist ed - 1970.
260 ## - PUBLICATION, DISTRIBUTION, ETC.
Place of publication, distribution, etc. New Delhi:
Name of publisher, distributor, etc. UBS Publishers Distributors PVt Ltd.
300 ## - PHYSICAL DESCRIPTION
Extent 229p:
Dimensions 23cm.
653 ## - INDEX TERM--UNCONTROLLED
Uncontrolled term Arabic Literature
653 ## - INDEX TERM--UNCONTROLLED
Uncontrolled term MS - Arabic
942 ## - ADDED ENTRY ELEMENTS (KOHA)
Source of classification or shelving scheme Dewey Decimal Classification
Koha item type Books
Holdings
Withdrawn status Lost status Damaged status Not for loan Collection Home library Current library Shelving location Date acquired Source of acquisition Coded location qualifier Cost, normal purchase price Total checkouts Full call number Barcode Date last seen Copy number Price effective from Koha item type Public note
          Dr. Suryya Kumar Bhuyan Library Dr. Suryya Kumar Bhuyan Library   23/02/2016 13 00000 160.00   892.7 Al41Ar 434/Isl 14/01/2024 1 23/02/2016 Books 13

Designed and Maintained by Team SKBL
©1901-2026

Powered by Koha